Teoría de colas y simulación de eventos discretos
Saved in:
| Main Authors: | , , |
|---|---|
| Format: | Bog |
| Sprog: | spansk |
| Udgivet: |
Madrid
Pearson Educación
2003
|
| Fag: | |
| Tags: |
Tilføj Tag
Ingen Tags, Vær først til at tagge denne postø!
|
MARC
| LEADER | 00000nam a2200000 a 4500 | ||
|---|---|---|---|
| 001 | UCK3295 | ||
| 003 | CL-VaPUC | ||
| 008 | 050422e20030000SP |||||||||||||||||spa|d | ||
| 020 | |a 842053675X | ||
| 082 | 0 | 4 | |a 519.82 |b PAZ |2 21 |
| 100 | |a Pazos Arias, José Juan |e autor |9 491386 | ||
| 700 | 0 | |a Suárez González, Andrés |e author |9 491387 | |
| 700 | 0 | |a Díaz Redondo, Rebeca P |e author |9 491388 | |
| 245 | 1 | 0 | |a Teoría de colas y simulación de eventos discretos |
| 300 | |a 309 p | ||
| 942 | |c BK | ||
| 945 | |d 20050422 00:00:00 |a cmena | ||
| 260 | |a Madrid |b Pearson Educación |c 2003 | ||
| 650 | 0 | |a Investigación de operaciones |9 356906 | |
| 650 | 0 | |a Programación no lineal |9 259385 | |
| 650 | 0 | |a Programación lineal |9 23 | |
| 650 | 0 | |a Modelos matemáticos |9 259437 | |
| 650 | 0 | |a Estadística matemática |9 260028 | |
| 650 | 0 | |a Teoría de probabilidades |9 336944 | |
| 583 | |a last modification |c 20050422 00:00:00 |k Rodrigo Vera | ||
| 999 | |c 312542 |d 312540 | ||
| 952 | |0 0 |1 0 |2 ddc |4 0 |6 519_820000000000000_PAZ_2003 |7 0 |8 A |9 383023 |a BIBING |b BIBING |c RES |d 2019-11-21 |i 4113357 |o 519.82 PAZ 2003 |p 4113357 |r 2025-01-20 |w 2019-11-21 |y BK |k TRA | ||
| 952 | |0 0 |1 0 |4 0 |6 519_820000000000000_PAZ_2003 |7 0 |8 A |9 383024 |a BIBGIM |b BIBGIM |d 2019-11-21 |i 4168380 |o 519.82 PAZ 2003 |p 4168380 |r 2025-01-15 |w 2019-11-21 |y BK |k EST | ||
| 952 | |0 0 |1 0 |4 0 |6 519_820000000000000_PAZ_2003 |7 0 |8 A |9 383025 |a BIBGIM |b BIBGIM |d 2019-11-21 |i 4168399 |o 519.82 PAZ 2003 |p 4168399 |r 2025-01-15 |w 2019-11-21 |y BK |k EST | ||
| 952 | |0 0 |1 0 |4 0 |6 519_820000000000000_PAZ_2003 |7 0 |8 A |9 383026 |a BIBGIM |b BIBGIM |d 2019-11-21 |i 4168402 |o 519.82 PAZ 2003 |p 4168402 |r 2025-01-15 |w 2019-11-21 |y BK |k EST | ||
| 952 | |0 0 |1 0 |2 ddc |4 0 |6 519_820000000000000_PAZ_2003 |7 0 |8 A |9 383027 |a BIBING |b BIBING |c RES |d 2019-11-21 |i 4198417 |o 519.82 PAZ 2003 |p 4198417 |r 2025-01-20 |w 2019-11-21 |y BK |k TRA | ||
| 952 | |0 0 |1 0 |2 ddc |4 0 |6 519_820000000000000_PAZ_2003 |7 0 |8 A |9 383028 |a BIBING |b BIBING |c RES |d 2019-11-21 |i 4310454 |o 519.82 PAZ 2003 |p 4310454 |r 2025-01-20 |w 2019-11-21 |y BK |k TRA | ||